000 00674nam a22002177a 4500
005 20130422111603.0
008 130422b xxu||||| |||| 00| 0 eng d
010 _aENG-106897
020 _a0230324266
_c215.00
020 _a9780230324268
_c215.00
035 _aEN-90430
037 _bDBAD/PUB
040 _aDPL
_bEng
082 _a158.1
100 _aSiddiqui, Moid
245 _aEnrich your personality :
_cby Moid Siddiqui
_bthe magic key to success /
260 _aGurgaon
_bMacmillan Publishers
_c2012
270 _a3A, 5th Floor, DLF Corporate Park
_bGurgaon
_e122002
300 _axvi,200p. :
_c22cm(pbk)
_bill.
942 _2ddc
_cEN
_h158.1
_mSID
999 _c74751
_d74751